1989 1037 1965 1856 1835 1261 1354 1786 1434 1130 1380 1461 1507 1496 1739 1737 1629 1118 1289 1392 1553 1276 1185 1922 1643 1893 1226 1869 1721 1229 1472 1186 1740 1696 1278 1153 1740 1739 1492 1544 1712 1158 1790 1671 1390 1971 1865 1965 1460 1634 1747 1570 1217 1412 1968 1844 1393 1617 1028 1693 1187 1281 1820 1657 1906 1018 1078 1140 1896 1005 1509 1543 1851 1083 1448 1298 1440 1688 1826 1540 1636 1385 1146 1010 1077 1907 1866 1488 1610 1596 1348 1693 1473 1049 1725 1029 1147 1075 1940 BCNSPRNW ULIB Ver.6.0+V

เปลี่ยนเป็นภาษาไทย

Change to English
 แสดงรายละเอียดบรรณานุกรม
  กลับหน้าหลัก

Brief Record : Get Marc (ISO 2709) : E-mail record : QR code < ปิดหน้าต่าง
LEADER : 00000nam 2200000uu 4500
001    13399125663
003     ULIB
008    170713s2558||||th 000 0 tha d
020    ^a9786167392486
060  0 ^aWB395^bพ124ก
100 0  ^aพงศ์เทพ สิทธิน้อย
245 00 ^aกินเป็น สุขภาพดี 24 ชั่วโมง /^cพงศ์เทพ สิทธิน้อย
260    ^aกรุงเทพฯ :^bเอ็นเค มีเดีย,^c2558
300    ^a144 หน้า :^bภาพประกอบ ;^c21 ซม.
650  0 ^aโภชาการ^xการกิน
650  0 ^aอาหาร
945    ^p99^l0^i002652
999    ^aประนอม เกษจรัล
รายการนี้ยังไม่มีแท็ก
คุณยังไม่ได้ล็อกอิน คุณสามารถมีกิจกรรมร่วมกับเว็บไซต์ได้ แต่ต้องล็อกอินก่อน ::
  ล็อกอิน

รายการสื่อสารสนเทศ

ลำดับที่ ประเภท เลขเรียก/บาร์โค้ด สถานที่ สถานะ
1. วิทยาศาสตร์การแพทย์ และสุขภาพ
วิทยาศาสตร์การแพทย์ และสุขภาพ
WB395 พ124ก ฉ.1 
  Barcode: 002652
ห้องสมุดวิทยาเขตสวรรค์ประชารักษ์
►หนังสือทั่วไป
บนชั้น

รายการใกล้เคียง
    ผู้แต่ง [พงศ์เทพ สิทธิน้อย]

    หัวเรื่อง [อาหาร]

BibComment


ยังไม่เคยถูกคอมเมนท์

คอมเมนท์ทรัพยากรรายการนี้
  คอมเมนท์: กินเป็น สุขภาพดี..


 Copyright 2026. Bcnsprnw @Library